Générique Go Diego - Paroles - Statistiques

Statistiques générales
  • Ce quiz a été pris 55 fois
  • Le résultat moyen est 13 sur 21
Statistiques - réponses
Paroles % Correct
Go Diego {Go} !
96%
Au coeur de la {jungle}
94%
Et parle aux {animaux}
92%
Go Diego {Go} !
84%
Il bondit de liane en {liane}
84%
Vit un jeune {garçon}
80%
Ensemble on va bien s'{amuser}
68%
Et de la nature {sauvage}
68%
Go Diego {Go} !
68%
S'aider les uns les {autres}
66%
And there goes Diego... {Diego}...
64%
Partons à l'{aventure}
64%
Toujours présent pour les {aider}
56%
Et voilà Diego... {Diego}...
52%
Bébé Jaguar à ses {côtés}
50%
Spécialisé dans les {sauvetages}
40%
Prenons la route sans {tarder}
38%
Alicia a une {mission}
36%
C'est l'bonheur de l'{amitié}
34%
Quelques soit leurs {bobos}
34%
Diego se {précipite}
26%
Aucun quiz correspondant
Distribution des résultats
% des personnes avec chaque résultat
Percentile par nombre de réponses
Votre historique - résultats
Vous n’avez pas pris ce quiz